Annual Book ASTM Standards : General Methods and Instrumentation. Volume 14.03. Temperature Measurement

Salvato in:
Dettagli Bibliografici
Natura: Libro
Lingua:inglese
Pubblicazione: Danvers : ASTM, 1997
Soggetti:
Tags: Aggiungi Tag
Nessun Tag, puoi essere il primo ad aggiungerne!!

MARC

LEADER 00000nam a22000003a 4500
001 stu46310
005 20150408180128.4
008 980323s1997----uk------------------eng-d
020 |a 0-8031-2456-2 
040 |a STU  |b slo 
041 0 |a eng 
044 |a uk 
080 |a 536.08  |7 stu_us_auth*stu11469 
245 |a Annual Book ASTM Standards :  |b General Methods and Instrumentation. Volume 14.03. Temperature Measurement 
260 |a Danvers :  |b ASTM,  |c 1997 
300 |a 644 s 
650 7 |a teplo  |2 stusub 
650 7 |a meranie  |2 stusub 
650 7 |a meranie teploty  |2 stusub 
996 |b 284M054466  |c M*9866-1  |l MMKN  |s A  |a 24  |w stu46310_0001